| 000 | 00374nam a22001337a 4500 | ||
|---|---|---|---|
| 082 |
_a297.63 _bSAD _cL-31, P-26 |
||
| 100 |
_aSadiqi, Naeem _947214 |
||
| 245 |
_a محسن انسانیتﷺ _cSadiqi, Naeem |
||
| 260 |
_aLahore _bIslamic publication |
||
| 300 |
_a640p.: _bill,; _c20 cm. |
||
| 526 |
_a0 _b0 _c0 _d297_630000000000000_SAD |
||
| 650 |
_aMCE _9379 |
||
| 942 |
_2ddc _cBK |
||
| 999 |
_c550506 _d550506 |
||